00335nam a2200121Ia 4500008004100000020001400041050001500055100002400070245004700094260003500141300002400176650001300200150202s9999 xx 000 0 und d a380750821 aFIC bFIC  aRegan, Dian Curtis. aI've got your number /cDian Curtis Regan. aNew York :bAvon Books,c1986. a138 pages :c18 cm. aFiction.